=LDR 00000nam 2200000 4500 =001 NUTBA000000000004033 =005 20140902094850.0 =006 =007 =008 =020 ##$$a 978-979-6022-89-2 =035 ##$$a 0010-091400000000066 =040 ##$$a NBPDMAT =082 ##$$a R.540.3 =084 ##$$a R.540.3 Dia k =100 ##$$a Dian Puspasari =245 ##$$a kamus lngkap kimia / $c Dian Puspasari,Dwi setyorini =260 ##$$a [S.L] : $b Dwi Media Press , $c 2010 =300 ##$$a viii, 320 hlm. ; $c 20 cm. =650 ##$$a KIMIA-KAMUS =700 ##$$a Dwi setyorini =990 ##$$a 21409577 =990 ##$$a 0001/BPAP-NTB/20142014 =990 ##$$a 0001/BPAP-NTB/20142014 =990 ##$$a 0001/BPAP-NTB/20142014 =990 ##$$a 0001/BPAP-NTB/20142014 =990 ##$$a 0001/BPAP-NTB/20142014